000
00228nam a2200097Ia 4500
008
170619s9999 xx 000 0 und d
100
_a
Kumar- Ranjit
245
0
_a
Research Methodology
260
_b
N Delhi : Sage Pub.
260
_c
2013
546
_a
ENGLISH
999
_c
21661
_d
21661